| 000 | 00653nam a2200241Ia 4500 | ||
|---|---|---|---|
| 003 | OSt | ||
| 005 | 20220918173221.0 | ||
| 006 | a|||||r|||| 00| 0 | ||
| 007 | ta | ||
| 008 | 220917b |||||||| |||| 00| 0 eng d | ||
| 024 | _a5,656 | ||
| 037 | _cTextual | ||
| 040 |
_aARTS _cARTS _beng |
||
| 041 |
_2eng _aeng |
||
| 082 | _a2:1, L5 | ||
| 100 |
_aLunati Rinaldo. _945354 |
||
| 245 | 0 |
_aBook selection _b Principales and procesures tr by Luciana Marulli |
|
| 260 |
_aMetuchen _bScarecrow _c1975 |
||
| 300 |
_avii,167p _ccm. |
||
| 650 | _aLIBRARY SCIENCE | ||
| 942 |
_h2:1, L5 _cTEXL _2CC |
||
| 999 |
_c147685 _d147685 |
||